| 000 | 01328cam a2200397 i 4500 | ||
|---|---|---|---|
| 999 |
_c32 _d32 |
||
| 001 | b19753664 | ||
| 003 | OSt | ||
| 005 | 20190724095642.0 | ||
| 008 | 140221r20142012nyua j 000 1 eng d | ||
| 020 |
_a9780142424179 _q(pbk.) |
||
| 020 |
_a014242417X _q(pbk.) |
||
| 040 |
_aPCCU _beng _cKH8 |
||
| 042 | _anbic | ||
| 082 | 0 | _aFIC GRE | |
| 100 | 1 |
_aGreen, John, _d1977-, _eauthor. |
|
| 245 | 1 | 4 |
_aThe fault in our stars / _cJohn Green. |
| 260 |
_aNew York : _bPenguin Books, _c2014. |
||
| 300 |
_a318 pages : _billustrations ; _c21 cm. |
||
| 336 |
_atext _btxt _2rdacontent. |
||
| 336 |
_astill image _bsti _2rdacontent. |
||
| 337 |
_aunmediated _bn _2rdamedia. |
||
| 338 |
_avolume _bnc _2rdacarrier. |
||
| 500 | _aOriginally published: New York : Dutton Books, 2012. | ||
| 650 | 0 |
_aCancer _xPatients _vJuvenile fiction. |
|
| 650 | 0 |
_aCancer in adolescence _vJuvenile fiction. |
|
| 650 | 0 |
_aTerminally ill _vJuvenile fiction. |
|
| 650 | 0 |
_aTerminally ill children _vJuvenile fiction. |
|
| 650 | 0 | _aLove stories. | |
| 650 | 0 |
_aYoung women _xConduct of life _vJuvenile fiction. |
|
| 650 | 0 |
_aConduct of life _vJuvenile fiction. |
|
| 650 | 0 |
_aFriendship _vJuvenile fiction. |
|
| 650 | 0 |
_aSick _vJuvenile fiction. |
|
| 650 | 0 |
_aPhysicians _vJuvenile fiction. |
|
| 650 | 0 |
_aYouth _xDeath _vJuvenile fiction. |
|
| 942 |
_2ddc _cFIC |
||